El grupo social.

Guardat en:
Dades bibliogràfiques
Autor principal: Soaje Ramos, Guido (autor)
Format: Llibre
Publicat: Madrid, España: Marcial Pons, 2018.
Col·lecció:Colección Prudentia iuris.
Matèries:
Etiquetes: Afegir etiqueta
Sense etiquetes, Sigues el primer a etiquetar aquest registre!

MARC

LEADER 00000nam a22000007a 4500
003 CL-VaPUC
005 20220822114630.0
008 220715t2018 ||||| |||| 00| 0 eng d
999 |c 437102  |d 437100 
020 |a 978-84-9123-563-7 
040 |c Pontificia Universidad Católica de Valparaíso 
082 7 |a 302.3 SOA 2018  |2 22 
100 1 |a Soaje Ramos, Guido  |e autor  |9 873022 
245 1 3 |a El grupo social. 
260 |a Madrid, España:  |b Marcial Pons,   |c 2018. 
300 |a 148 páginas.  
490 |a Colección Prudentia iuris. 
500 |a c.1 Donación Familia Prof. Alejandro Guzmán Brito. 
583 |c 20220715  |k Cristina María Rojas Aguilar 
650 |a Grupos sociales   |9 268887 
650 |a Derecho  |x Filosofía   |9 866192 
942 |2 ddc  |c BK  |n 0 
952 |0 0  |1 0  |2 ddc  |4 0  |6 302_300000000000000_SOA_2018  |7 1  |8 C_AGB  |9 584847  |a BIBDER  |b BIBDER  |d 2022-07-15  |e Donación   |i 5652972  |o 302.3 SOA 2018  |p 5652972  |r 2023-01-25  |t 1  |w 2022-07-15  |y BK_US  |k AGB